Responses for Show #5399 - Thursday, February 14, 2008

2008-A Teen Tournament quarterfinal game 4.

Contestants

[<< previous game]

Naren Tallapragada, a junior from Burke, Virginia

Becky Kralle, a senior from Runnemede, New Jersey

Hunter Brown, a senior from Wheaton, Illinois

[next game >>]

Jeopardy! Round responses

U.S. CITIES
WHEN YOU WERE A TEENAGER, ALEX
FRUITS & VEGGIES
VICE PRESIDENTS
THE ZODIAC
EVERYTHING FROM C TO D
(Alex: Each correct response will begin with the letter "C" and will end with the letter "D".)
    $200 5
Baltimore

Hunter
    $200 2
a drive-in theater

Becky
    $200 3
December

Hunter
    $200 10
Harry Truman

Naren
    $200 26
Virgo

Becky
    $200 19
a checkerboard

Naren
    $400 6
Seattle

Naren
    $400 1
a hound dog

Hunter
    $400 16
peppers

Hunter
    $400 11
Nixon

Hunter
    $400 27
water

Becky
    $400 20
a cupboard

Becky
    $600 7
Fargo

Naren
    $600 4
American Bandstand

Naren
    $600 18
zucchini

Hunter
    $600 13
FDR

Becky
    $600 28
Libra

Becky
    $600 21
coward

Naren
    $800 8
Pueblo

Triple Stumper
    $800 17
Marilyn Monroe

Naren
    $800 24
a nectarine

Becky
    $800 14
Walter Mondale

Naren
    $800 29
Pluto

Hunter
    $800 22
correspond

Naren
    $1000 9
Brownsville

Naren
    $1000 12
Sputnik

Naren
    $1000 25
a carrot

Naren
    $2,000 15
(Alex: [*], yes, following the death of President Harrison.)

John Tyler

Naren
    $1000 30
Capricorn

Triple Stumper
    $1000 23
cubed

Naren

Scores at the first commercial break (after clue 15):

Hunter Becky Naren
$1,200 $800 $6,600

Scores at the end of the Jeopardy! Round:

Hunter Becky Naren
$3,000 $3,200 $11,000

Double Jeopardy! Round responses

BIOLOGY
THE STARS ARE OUT ON BROADWAY
WHERE ART THOU?
TEENS IN HISTORY
A MILITARY CAREER
"YOUNG"
    $400 6
(Becky: What is Homo sapien?)
...
(Alex: Becky, you forgot an important "S" at the end. It's not a plural "S", but it's part of the definition. [*].)

Homo sapiens

Becky
Triple Stumper
    $400 1
Denzel Washington

Hunter
    $400 12
Paris

Becky
    $400 28
Anne Frank

Becky
    $400 21
a test pilot

Naren
    $400 17
a Cy Young Award

Naren
    $800 7
ovaries

Naren
    $800 2
Nicole Kidman

Hunter
    $800 13
the Netherlands

Naren
    $800 27
Scotland

Hunter
    $800 22
the Marine Corps

Naren
    $800 16
(Becky: What is Youngston?)

Brigham Young University

BeckyNaren
    $1200 8
(Hunter: What are the small intestines?)
...
(Alex: Yes, we've only got one.)

the small intestine

HunterNaren
    $1200 3
Sean Combs

Hunter
    $1200 11
Pablo Picasso

Naren
    $1200 25
Josephine

Hunter
    $1200 23
a recruiter

Hunter
    $1200 18
the Young Men's Christian Association

Naren
    $1600 9
metabolism

Becky
    $1600 4
Wolverine

Becky
    $1600 14
Japan

Naren
    $1600 24
Eli Whitney

Hunter
    $1600 29
sonar

Becky
    $3,000 19
"Go west, young man"

Naren
    $2000 10
messenger

Hunter
    $2000 5
Robert De Niro

Naren
    $2000 15
Leonardo da Vinci

Hunter
    $4,000 26
the Marquis de Lafayette

Hunter
    $2000 30
Justice

Naren
    $2000 20
(Hunter: What is Youngston?)

Youngstown

HunterNaren

Scores at the end of the Double Jeopardy! Round:

Hunter Becky Naren
$15,000 $7,600 $29,200

Final Jeopardy! Round responses

AFRICAN AMERICANS
(Alex: He won 14 of those cases before the Supreme Court and later served as an associate justice on the Supreme Court.)
BeckyWho was ?
$2,500
HunterWho is Clarence Thomas Thurgood Marshall
$14,999
NarenWho is Thurgood Marshall?
$801
Thurgood Marshall

Final scores:

Hunter Becky Naren
$29,999 $5,100 $30,001
2nd place: $5,000 if eliminated 3rd place: $5,000 if eliminated Automatic semifinalist

Game dynamics:

Coryat scores:

Hunter Becky Naren
$13,000 $7,600 $26,800
17 R
(including 1 DD),
2 W
12 R,
2 W
28 R
(including 2 DDs),
0 W

Combined Coryat: $47,400

[game clues] [game scores] [suggest correction]

Game tape date: 2008-01-14
The J! Archive is created by fans, for fans. Scraping, republication, monetization, and malicious use prohibited; this site may use cookies and collect identifying information. See terms. The Jeopardy! game show and all elements thereof, including but not limited to copyright and trademark thereto, are the property of Jeopardy Productions, Inc. and are protected under law. This website is not affiliated with, sponsored by, or operated by Jeopardy Productions, Inc. Join the discussion at JBoard.tv.